[Event "Rated Blitz game"]
[Site "?"]
[Date "2021.10.27"]
[Round "?"]
[White "Jonas95"]
[Black "Annali-annaliew1979"]
[Result "1-0"]
[WhiteElo "2439"]
[BlackElo "2496"]
[PlyCount "63"]
[EventDate "2021.??.??"]
[EventType "blitz"]

1. e4 e5 2. Nf3 d5 3. Nxe5 Qe7 4. d4 f6 5. Nd3 Nc6 6. c3 Bf5 7. Be2 Bxe4 8. O-O
Qf7 9. Nc5 Bxc5 10. dxc5 Nge7 11. Nd2 Bg6 12. Nb3 O-O 13. Be3 Rad8 14. Nd4 a6
15. b4 Ne5 16. a4 Nf5 17. Nxf5 Bxf5 18. Bd4 Rfe8 19. b5 axb5 20. axb5 Qg6 21.
Ra7 Bh3 22. Bf3 Nxf3+ 23. Qxf3 Bg4 24. Qg3 Be2 25. Qxg6 hxg6 26. Rc1 Bxb5 27.
Rxb7 c6 28. h4 Re2 29. Ra1 Re4 30. Raa7 Rxh4 31. Rxg7+ Kf8 32. Bxf6 {Normal}
1-0

[Event "Rated Blitz game"]
[Site "?"]
[Date "2021.10.27"]
[Round "?"]
[White "ElAdversario"]
[Black "Annali-annaliew1979"]
[Result "1-0"]
[WhiteElo "2641"]
[BlackElo "2505"]
[PlyCount "81"]
[EventDate "2021.??.??"]
[EventType "blitz"]

1. e4 e5 2. Nf3 d5 3. exd5 e4 4. Qe2 f5 5. d3 Nf6 6. dxe4 fxe4 7. Nc3 Be7 8.
Nxe4 Nxe4 9. Qxe4 O-O 10. Bd3 Bf5 11. Qc4 Bxd3 12. Qxd3 Bd6 13. Be3 Nd7 14.
O-O-O Ne5 15. Nxe5 Bxe5 16. g3 Qf6 17. c3 Rae8 18. f4 Bd6 19. Rhe1 b6 20. Bd4
Qf7 21. Qf3 a5 22. Kd2 a4 23. Rxe8 Qxe8 24. Re1 Qb5 25. Kc2 Qd7 26. Qe4 Kh8 27.
Qe6 Qb5 28. f5 a3 29. b3 Bc5 30. Be5 Bf2 31. Qe7 Rg8 32. f6 h6 33. f7 Qxd5 34.
fxg8=Q+ Qxg8 35. Rf1 Bc5 36. Qf7 Qxf7 37. Rxf7 Kg8 38. Rxg7+ Kf8 39. Rxc7 Ke8
40. Rxc5 bxc5 41. Kd3 {Normal} 1-0

[Event "Rated Blitz game"]
[Site "?"]
[Date "2021.10.27"]
[Round "?"]
[White "Tigerfan"]
[Black "alaeldin1212"]
[Result "1-0"]
[WhiteElo "2445"]
[BlackElo "2418"]
[PlyCount "99"]
[EventDate "2021.??.??"]
[EventType "blitz"]

1. e4 e5 2. Nf3 d5 3. Nxe5 Bd6 4. d4 dxe4 5. Nc3 Nf6 6. Bg5 O-O 7. Bc4 Bb4 8.
O-O Bf5 9. f3 exf3 10. Rxf3 Be6 11. Bxf6 gxf6 12. Bxe6 fxe5 13. Rxf7 Qxd4+ 14.
Qxd4 exd4 15. Rxc7+ Kh8 16. Nd5 Bd6 17. Rxb7 Nc6 18. Rd1 Bc5 19. Kh1 Rae8 20.
Bd7 Na5 21. Rc7 Bd6 22. Rxa7 Rd8 23. Rxa5 Rxd7 24. g3 Be5 25. Kg2 d3 26. Rxd3
Bxb2 27. c4 Rc8 28. c5 Bc3 29. Rxc3 Rxd5 30. Rc2 Rc6 31. Rb5 Kg7 32. a4 Kf6 33.
Rb6 Rdd6 34. Rxc6 Rxc6 35. Kf3 Ke6 36. Ke4 Kd7 37. Kd5 Ra6 38. c6+ Kc7 39. Rc4
Ra5+ 40. Ke4 Rh5 41. h4 Rh6 42. Kf5 Rg6 43. g4 Rd6 44. g5 Rd1 45. h5 Rd5+ 46.
Kf6 Rd6+ 47. Kg7 Rd5 48. Kh6 Ra5 49. g6 hxg6 50. hxg6 {Normal} 1-0

[Event "Rated Blitz game"]
[Site "?"]
[Date "2021.10.27"]
[Round "?"]
[White "daniellesinclair"]
[Black "larsental3"]
[Result "1-0"]
[WhiteElo "2281"]
[BlackElo "2415"]
[PlyCount "57"]
[EventDate "2021.??.??"]
[EventType "blitz"]

1. e4 e5 2. Nf3 d5 3. Nxe5 Bd6 4. d4 dxe4 5. Bc4 Bxe5 6. Qh5 Qe7 7. Qxe5 Qxe5
8. dxe5 Nc6 9. Bf4 Nge7 10. Nc3 Ng6 11. Bg3 Ncxe5 12. Bb3 Bf5 13. O-O-O O-O 14.
h4 h5 15. Nd5 Bg4 16. Rd4 c6 17. Ne7+ Nxe7 18. Bxe5 Ng6 19. Bg3 Rfe8 20. Re1
Bf5 21. Red1 e3 22. fxe3 Rxe3 23. Bf2 Ree8 24. Rd6 Nf4 25. g3 Ng2 26. Rf1 Bg4
27. Bd4 Re2 28. Bxf7+ Kh8 29. Rh6# {Normal} 1-0

[Event "Rated Blitz game"]
[Site "?"]
[Date "2021.10.27"]
[Round "?"]
[White "petergo"]
[Black "DOOGE228"]
[Result "0-1"]
[WhiteElo "2515"]
[BlackElo "2423"]
[PlyCount "36"]
[EventDate "2021.??.??"]
[EventType "blitz"]

1. e4 e5 2. Nf3 d5 3. d4 dxe4 4. Nxe5 Bd6 5. Nc4 Nf6 6. Nc3 O-O 7. Bg5 Be7 8.
Be2 Nc6 9. Bxf6 Bxf6 10. Nxe4 Bxd4 11. c3 Qh4 12. Bf3 Bxf2+ 13. Nxf2 Re8+ 14.
Kf1 Qxc4+ 15. Kg1 Be6 16. h4 Rad8 17. Qc2 Nd4 18. Qe4 Bf5 {Normal} 0-1

[Event "Rated Blitz game"]
[Site "?"]
[Date "2021.10.27"]
[Round "?"]
[White "Yurij_Nikitin"]
[Black "jsequera"]
[Result "0-1"]
[WhiteElo "2336"]
[BlackElo "2502"]
[PlyCount "72"]
[EventDate "2021.??.??"]
[EventType "blitz"]

1. e4 e5 2. Nf3 d5 3. exd5 e4 4. Nd4 Qxd5 5. Nb3 Nc6 6. Nc3 Qe5 7. Bb5 Bd6 8.
Qe2 Nf6 9. h3 O-O 10. d4 Nxd4 11. Nxd4 Qxd4 12. Be3 Qb4 13. O-O-O Be5 14. a3
Qa5 15. Bd4 Bxd4 16. Rxd4 a6 17. Bc4 b5 18. Bb3 c5 19. Rd6 c4 20. Ba2 Be6 21.
Nxe4 Nxe4 22. Qxe4 Rac8 23. c3 Rc7 24. Rhd1 g6 25. Rd8 Rc8 26. R8d6 Bf5 27. Qd5
Rfe8 28. g4 Be4 29. Qd4 Qa4 30. Bb1 Bxb1 31. Kxb1 Re2 32. Rd8+ Rxd8 33. Qxd8+
Kg7 34. Qd4+ f6 35. Qd7+ Kh6 36. Rc1 Qb3 {Normal} 0-1

[Event "Rated Blitz game"]
[Site "?"]
[Date "2021.10.27"]
[Round "?"]
[White "Alequis1991"]
[Black "khalid_ontawar"]
[Result "0-1"]
[WhiteElo "2269"]
[BlackElo "2449"]
[PlyCount "48"]
[EventDate "2021.??.??"]
[EventType "blitz"]

1. e4 e5 2. Nf3 d5 3. exd5 e4 4. Qe2 Nf6 5. d3 Bf5 6. dxe4 Bxe4 7. Nfd2 Qe7 8.
Nxe4 Nxe4 9. Be3 Nd7 10. f3 Nef6 11. c4 O-O-O 12. Nc3 Re8 13. Kf2 Qb4 14. a3
Qb3 15. Qd2 Rxe3 16. Kxe3 Bc5+ 17. Kf4 Bd6+ 18. Kg5 Ne5 19. f4 Ng6 20. Kf5 Re8
21. Bd3 Bxf4 22. Qxf4 Nxf4 23. Kxf4 Qxb2 24. Bf5+ Kd8 {Normal} 0-1

[Event "Rated Blitz game"]
[Site "?"]
[Date "2021.10.27"]
[Round "?"]
[White "Wisserke"]
[Black "artsportscience"]
[Result "1-0"]
[WhiteElo "2484"]
[BlackElo "2382"]
[PlyCount "57"]
[EventDate "2021.??.??"]
[EventType "blitz"]

1. e4 e5 2. Nf3 d5 3. Nxe5 Bd6 4. d4 dxe4 5. Nc4 Nf6 6. Nxd6+ Qxd6 7. Be2 O-O
8. O-O b6 9. c4 Bb7 10. Nc3 c5 11. d5 Bc8 12. Bg5 Bf5 13. Re1 Nbd7 14. Bh4 a6
15. a4 Rad8 16. Qd2 Ne5 17. Rad1 Nd3 18. Bxd3 exd3 19. Bxf6 Qxf6 20. Ne4 Bxe4
21. Rxe4 Rfe8 22. Rxe8+ Rxe8 23. g3 Re2 24. Qxd3 Qxb2 25. d6 Rxf2 26. Qd5 h6
27. d7 Rxh2 28. d8=Q+ Kh7 29. Qf3 {Normal} 1-0

[Event "Rated Blitz game"]
[Site "?"]
[Date "2021.10.27"]
[Round "?"]
[White "Soltanici"]
[Black "JakobVangGlud"]
[Result "0-1"]
[WhiteElo "2629"]
[BlackElo "2698"]
[PlyCount "56"]
[EventDate "2021.??.??"]
[EventType "blitz"]

1. e4 e5 2. Nf3 d5 3. exd5 Bd6 4. Nc3 f5 5. d4 e4 6. Ne5 Nf6 7. Bb5+ Nbd7 8.
Bg5 O-O 9. Nxd7 Bxd7 10. Qd2 Bb4 11. Bc4 b5 12. Bb3 Kh8 13. a3 Bd6 14. Bf4 Qe7
15. O-O g5 16. Bxd6 Qxd6 17. Qxg5 Rg8 18. Qh4 Rg4 19. Qh6 Rg6 20. Qh4 Rg4 21.
Qh6 Rag8 22. g3 f4 23. Ne2 R8g6 24. Qh3 Rxg3+ 25. fxg3 Bxh3 26. Rxf4 Bg4 27.
Nc3 Bf3 28. Rh4 Rxg3+ {Normal} 0-1

[Event "Rated Blitz game"]
[Site "?"]
[Date "2021.10.27"]
[Round "?"]
[White "SHL1"]
[Black "batasjon"]
[Result "1-0"]
[WhiteElo "2527"]
[BlackElo "2482"]
[PlyCount "31"]
[EventDate "2021.??.??"]
[EventType "blitz"]

1. e4 e5 2. Nf3 d5 3. exd5 e4 4. Nd4 Qxd5 5. Nb5 Qe5 6. Be2 a6 7. N5c3 Nf6 8.
O-O Bd6 9. g3 O-O 10. d4 exd3 11. Bxd3 Bg4 12. f3 Bh3 13. Re1 Qh5 14. Ne4 Nxe4
15. fxe4 Nc6 16. Qxh5 {Normal} 1-0

[Event "Rated Blitz game"]
[Site "?"]
[Date "2021.10.27"]
[Round "?"]
[White "HAMMERSCHLOG"]
[Black "larsental3"]
[Result "1-0"]
[WhiteElo "2387"]
[BlackElo "2404"]
[PlyCount "63"]
[EventDate "2021.??.??"]
[EventType "blitz"]

1. e4 e5 2. Nf3 d5 3. Nxe5 Bd6 4. d4 dxe4 5. Nc4 Nf6 6. Nc3 Nc6 7. Bg5 Bf5 8.
Qd2 O-O 9. O-O-O Bb4 10. a3 Bxc3 11. Qxc3 Nd5 12. Qg3 f6 13. Bd2 Bg6 14. Ne3 f5
15. Nxd5 Qxd5 16. Qxc7 Qa2 17. Bc3 Rfc8 18. Qd6 f4 19. Qc5 Bf7 20. d5 Ne5 21.
Qd4 Rxc3 22. bxc3 Qxa3+ 23. Kd2 e3+ 24. fxe3 fxe3+ 25. Kxe3 Re8 26. Kf2 Bh5 27.
Bc4 Bxd1 28. d6+ Kh8 29. Rxd1 Nxc4 30. Qxg7+ Kxg7 31. Rd4 Rd8 32. Rg4+ {
Time forfeit} 1-0

[Event "Rated Blitz game"]
[Site "?"]
[Date "2021.10.27"]
[Round "?"]
[White "AnonymouseGM"]
[Black "RCompany_1"]
[Result "1-0"]
[WhiteElo "2560"]
[BlackElo "2408"]
[PlyCount "23"]
[EventDate "2021.??.??"]
[EventType "blitz"]

1. e4 e5 2. Nf3 d5 3. exd5 e4 4. Qe2 Nf6 5. Nc3 Be7 6. Nxe4 Nxd5 7. d3 O-O 8.
Be3 Re8 9. O-O-O f5 10. g3 fxe4 11. dxe4 Nc3 12. Qc4+ {Normal} 1-0

[Event "Rated Blitz game"]
[Site "?"]
[Date "2021.10.26"]
[Round "?"]
[White "Brayanuo2"]
[Black "Annali-annaliew1979"]
[Result "0-1"]
[WhiteElo "2372"]
[BlackElo "2450"]
[PlyCount "126"]
[EventDate "2021.??.??"]
[EventType "blitz"]

1. e4 e5 2. Nf3 d5 3. Nxe5 Qe7 4. Nf3 dxe4 5. Nd4 f5 6. Bc4 Nf6 7. O-O Qc5 8.
Be6 Bxe6 9. Nxe6 Qe5 10. Nxf8 Rxf8 11. d4 Qd6 12. c4 Nc6 13. d5 Ne5 14. Nc3 Nd3
15. Nb5 Qe5 16. f4 Qe7 17. b3 a6 18. Ba3 Qf7 19. Bxf8 axb5 20. Bxg7 Qxg7 21.
Re1 Ng4 22. Qxd3 Qxa1 23. Rxa1 exd3 24. h3 Nf6 25. Kf2 bxc4 26. bxc4 Ne4+ 27.
Ke3 d2 28. g4 Rxa2 29. Rd1 Ra3+ 30. Kd4 Rxh3 31. gxf5 Nd6 32. Rxd2 Nxf5+ 33.
Ke5 Nd6 34. Rc2 b6 35. c5 bxc5 36. Rxc5 Kd7 37. f5 Re3+ 38. Kf4 Re4+ 39. Kf3
Re5 40. f6 Rf5+ 41. Kg4 Rxf6 42. Rc1 h6 43. Rh1 Ke7 44. Rh5 Kf7 45. Re5 Kg6 46.
Re7 Rf7 47. Re6+ Kg7 48. Kh5 Rf5+ 49. Kg4 Rxd5 50. Re7+ Kg6 51. Rxc7 Rd4+ 52.
Kf3 h5 53. Rc6 h4 54. Kg2 Kg5 55. Kh3 Rd3+ 56. Kh2 Kg4 57. Rc5 Rd2+ 58. Kg1 h3
59. Rc3 Ne4 60. Re3 Ng3 61. Rxg3+ Kxg3 62. Kf1 h2 63. Ke1 Rb2 {Time forfeit}
0-1

[Event "Rated Rapid game"]
[Site "?"]
[Date "2021.10.26"]
[Round "?"]
[White "Coolstory"]
[Black "Lkhagva_G"]
[Result "1-0"]
[WhiteElo "2411"]
[BlackElo "2282"]
[PlyCount "55"]
[EventDate "2021.??.??"]
[EventType "rapid"]

1. e4 e5 2. Nf3 d5 3. Nxe5 Qe7 4. d4 f6 5. Nd3 Qxe4+ 6. Be3 Bd6 7. Nc3 Qf5 8.
Qe2 Ne7 9. O-O-O O-O 10. f3 Qd7 11. g4 Ng6 12. h4 Re8 13. Qf2 c6 14. h5 Nf8 15.
Kb1 Qc7 16. f4 Bxg4 17. Be2 Bxe2 18. Nxe2 Qe7 19. Rh3 h6 20. Re1 Qd7 21. f5 Na6
22. Nef4 Qxf5 23. Rg1 Kh7 24. Rhg3 Re7 25. Qg2 Bxf4 26. Rxg7+ Kh8 27. Rg8+ Kh7
28. Qg7+ {Normal} 1-0

[Event "Rated Blitz game"]
[Site "?"]
[Date "2021.10.26"]
[Round "?"]
[White "Shanem123"]
[Black "Mancillamenor"]
[Result "0-1"]
[WhiteElo "2411"]
[BlackElo "2351"]
[PlyCount "64"]
[EventDate "2021.??.??"]
[EventType "blitz"]

1. e4 e5 2. Nf3 d5 3. Nxe5 Bd6 4. d4 dxe4 5. Nc4 Be7 6. Nc3 Nf6 7. Bg5 Bf5 8.
Ne3 Bg6 9. Qd2 Nc6 10. O-O-O O-O 11. h4 h6 12. Bf4 Nb4 13. g4 Nbd5 14. Nexd5
Nxd5 15. Nxd5 Qxd5 16. c4 Qd7 17. h5 Bh7 18. g5 hxg5 19. Bxg5 Bxg5 20. Qxg5 Qf5
21. Qg3 e3 22. Bd3 Qxf2 23. Bxh7+ Kxh7 24. Qg5 Rae8 25. Rhg1 Rg8 26. Rdf1 Qd2+
27. Kb1 Qd3+ 28. Ka1 e2 29. Rc1 Qe3 30. Qf5+ Kh8 31. h6 Qxg1 32. hxg7+ Rxg7 {
Normal} 0-1

[Event "Rated Blitz tournament gMkYwsAB"]
[Site "?"]
[Date "2021.10.26"]
[Round "?"]
[White "Tyutyunov_Aleksei"]
[Black "Razario90"]
[Result "0-1"]
[WhiteElo "2210"]
[BlackElo "2405"]
[PlyCount "56"]
[EventDate "2021.??.??"]
[EventType "blitz"]

1. e4 e5 2. Nf3 d5 3. Qe2 Nf6 4. exd5 e4 5. Nc3 Be7 6. Nxe4 O-O 7. d3 Re8 8.
Nxf6+ Bxf6 9. Be3 Bxb2 10. Rb1 Bc3+ 11. Nd2 Qd6 12. Rb3 Bxd2+ 13. Qxd2 Qxd5 14.
Be2 Qxg2 15. Rf1 Nc6 16. Rb5 f6 17. Qc3 Kh8 18. Rh5 Bg4 19. Rh4 Bxe2 20. Kxe2
Rad8 21. Qc4 Ne5 22. Qf4 Ng6 23. Qg3 Nxh4 24. Qxh4 Qc6 25. Rg1 Qxc2+ 26. Kf1
Qxd3+ 27. Kg2 Qe4+ 28. Qxe4 Rxe4 {Normal} 0-1

[Event "Rated Blitz game"]
[Site "?"]
[Date "2021.10.26"]
[Round "?"]
[White "Wernad"]
[Black "Annali-annaliew1979"]
[Result "0-1"]
[WhiteElo "2384"]
[BlackElo "2466"]
[PlyCount "26"]
[EventDate "2021.??.??"]
[EventType "blitz"]

1. e4 e5 2. Nf3 d5 3. Nxe5 Qe7 4. d4 f6 5. Qh5+ g6 6. Nxg6 Qxe4+ 7. Be2 Qxg6 8.
Qxd5 Ne7 9. Qf3 Nbc6 10. c3 Bf5 11. O-O Bxb1 12. Bf4 Be4 13. Qe3 Qxg2# {Normal}
0-1

[Event "Rated Blitz game"]
[Site "?"]
[Date "2021.10.26"]
[Round "?"]
[White "hoshiboshi"]
[Black "khalid_ontawar"]
[Result "0-1"]
[WhiteElo "2343"]
[BlackElo "2436"]
[PlyCount "62"]
[EventDate "2021.??.??"]
[EventType "blitz"]

1. e4 e5 2. Nf3 d5 3. Nxe5 Qe7 4. d4 f6 5. Nf3 dxe4 6. Ng1 Nc6 7. Be3 Bd7 8.
Nd2 f5 9. c3 g5 10. g3 Bh6 11. h4 f4 12. hxg5 fxe3 13. gxh6 exd2+ 14. Qxd2
O-O-O 15. O-O-O Nf6 16. Nh3 Bg4 17. Be2 Bf3 18. Bxf3 exf3 19. Rde1 Qf7 20. Ng5
Qxa2 21. Nxf3 Nd5 22. Rh4 Nb6 23. Rhe4 Nc4 24. Qc2 N6a5 25. Nd2 Nxd2 26. Kxd2
Nc4+ 27. Kc1 Na5 28. Kd2 Qc4 29. Re5 Nb3+ 30. Kd1 Rxd4+ 31. cxd4 Qxd4+ {
Time forfeit} 0-1

[Event "Rated Blitz game"]
[Site "?"]
[Date "2021.10.26"]
[Round "?"]
[White "Nightmarish_Pawn"]
[Black "Pepiton61"]
[Result "0-1"]
[WhiteElo "2410"]
[BlackElo "2413"]
[PlyCount "50"]
[EventDate "2021.??.??"]
[EventType "blitz"]

1. e4 e5 2. Nf3 d5 3. exd5 e4 4. Qe2 Nf6 5. Nc3 Be7 6. Nxe4 O-O 7. d3 Nxd5 8.
Be3 Re8 9. O-O-O f5 10. Kb1 Nc6 11. g4 Nxe3 12. fxe3 fxe4 13. dxe4 Bd6 14. Bg2
Bxg4 15. Rhg1 Qf6 16. h3 Bh5 17. Rdf1 Ne5 18. Rf2 Nxf3 19. Bxf3 Bxf3 20. Rxf3
Qe6 21. Rg4 Be5 22. Qb5 c6 23. Qa5 b6 24. Qa4 Rad8 25. a3 Rd1# {Normal} 0-1

[Event "Rated Blitz game"]
[Site "?"]
[Date "2021.10.26"]
[Round "?"]
[White "bazukat"]
[Black "khalid_ontawar"]
[Result "1-0"]
[WhiteElo "2396"]
[BlackElo "2474"]
[PlyCount "63"]
[EventDate "2021.??.??"]
[EventType "blitz"]

1. e4 e5 2. Nf3 d5 3. d4 dxe4 4. Nxe5 Be6 5. Nc3 Nf6 6. Be2 Nbd7 7. O-O Bb4 8.
Nxd7 Qxd7 9. Bg5 Bxc3 10. bxc3 Nd5 11. Qd2 O-O 12. c4 Nb6 13. d5 Bf5 14. Be3
Rfe8 15. Rfd1 Nc8 16. Rab1 b6 17. c5 bxc5 18. Bxc5 Nd6 19. Be3 a6 20. c4 Bg4
21. c5 Bxe2 22. Qxe2 Nf5 23. Rb7 Nxe3 24. Qxe3 Qa4 25. Rd2 Rac8 26. h3 Red8 27.
Qb3 Qa5 28. Rc2 Qe1+ 29. Kh2 Qd1 30. d6 cxd6 31. Qxf7+ Kh8 32. Qxg7# {Normal}
1-0

[Event "Rated Blitz tournament I8cz3a4V"]
[Site "?"]
[Date "2021.10.26"]
[Round "?"]
[White "Muratt_Chess"]
[Black "Fiji55"]
[Result "1-0"]
[WhiteElo "2411"]
[BlackElo "2444"]
[PlyCount "65"]
[EventDate "2021.??.??"]
[EventType "blitz"]

1. e4 e5 2. Nf3 d5 3. exd5 e4 4. Qe2 Nf6 5. Nc3 Be7 6. Nxe4 O-O 7. d4 Re8 8.
Nxf6+ Bxf6 9. Be3 Qxd5 10. Qb5 Qd6 11. Qxe8+ Qf8 12. Qxf8+ Kxf8 13. O-O-O Nc6
14. Bb5 Nb4 15. a3 Nd5 16. Bc4 Nb6 17. Bb3 Bg4 18. d5 Rd8 19. Bxb6 axb6 20. h3
Bf5 21. Rhe1 h6 22. g4 Bg6 23. Ne5 Bh7 24. f4 Bh4 25. Re2 f6 26. Nf3 Bg3 27. f5
Bg8 28. c3 Bf4+ 29. Kc2 c6 30. Rd4 Bd6 31. dxc6 Bxb3+ 32. Kxb3 bxc6 33. Red2 {
Normal} 1-0

[Event "Rated Blitz game"]
[Site "?"]
[Date "2021.10.26"]
[Round "?"]
[White "Klikklik"]
[Black "Annali-annaliew1979"]
[Result "1-0"]
[WhiteElo "2352"]
[BlackElo "2416"]
[PlyCount "75"]
[EventDate "2021.??.??"]
[EventType "blitz"]

1. e4 e5 2. Nf3 d5 3. exd5 e4 4. Ng1 f5 5. d3 Nf6 6. Nc3 Bb4 7. Bg5 O-O 8. dxe4
fxe4 9. Nge2 Bf5 10. Nd4 Bd7 11. Bc4 Kh8 12. O-O a6 13. Nxe4 Qe8 14. Nxf6 gxf6
15. Bh6 Rg8 16. Qf3 Qg6 17. Bf4 Bd6 18. Bg3 Bg4 19. Qd3 f5 20. Ne6 Nd7 21. Qd4+
Nf6 22. Rfe1 b5 23. Bd3 Rae8 24. Bh4 Be7 25. Nf4 Qh6 26. Rxe7 Qxh4 27. Rxe8
Rxe8 28. h3 Bxh3 29. Ng6+ hxg6 30. Qxh4+ Kg7 31. Qxh3 Ng4 32. f3 Nf6 33. Qg3
Nh5 34. Qxc7+ Kh6 35. g4 fxg4 36. fxg4 Nf4 37. Qxf4+ g5 38. Qf6# {Normal} 1-0

[Event "Rated Blitz game"]
[Site "?"]
[Date "2021.10.26"]
[Round "?"]
[White "Malone3001"]
[Black "AlistairC"]
[Result "1-0"]
[WhiteElo "2432"]
[BlackElo "2347"]
[PlyCount "81"]
[EventDate "2021.??.??"]
[EventType "blitz"]

1. e4 e5 2. Nf3 d5 3. Nxe5 Bd6 4. d4 dxe4 5. Nc4 Nf6 6. Ne3 O-O 7. c4 c5 8. d5
Nbd7 9. Nc3 a6 10. Be2 Re8 11. Qc2 Rb8 12. h3 Qe7 13. Nf5 Qe5 14. Nxd6 Qxd6 15.
Be3 Nf8 16. g3 Ng6 17. h4 Ne5 18. O-O-O Neg4 19. Bf4 Ne5 20. Kb1 Bf5 21. Be3 g6
22. h5 b5 23. cxb5 axb5 24. Bxb5 Rec8 25. a4 Nd3 26. h6 Ng4 27. Rhg1 Qe5 28.
Rxd3 exd3 29. Bxd3 Nxe3 30. fxe3 Bxd3 31. Qxd3 Rb4 32. e4 Rcb8 33. Rg2 Rb3 34.
Rc2 Qh5 35. d6 c4 36. Qxc4 Qxh6 37. d7 R3b7 38. Qc8+ Kg7 39. Qxb7 Rxb7 40. d8=Q
Qh1+ 41. Ka2 {Normal} 1-0

[Event "Rated Blitz tournament DWCezkki"]
[Site "?"]
[Date "2021.10.26"]
[Round "?"]
[White "yzerman"]
[Black "Razario90"]
[Result "0-1"]
[WhiteElo "2284"]
[BlackElo "2409"]
[PlyCount "86"]
[EventDate "2021.??.??"]
[EventType "blitz"]

1. e4 e5 2. Nf3 d5 3. Nxe5 Bd6 4. d4 dxe4 5. Nc3 Bxe5 6. dxe5 Qxd1+ 7. Kxd1 Nc6
8. Bf4 Nge7 9. Bb5 Bd7 10. Ke2 Ng6 11. Bxc6 Nxf4+ 12. Ke3 Nxg2+ 13. Kxe4 Bxc6+
14. Kf5 Nh4+ 15. Kg4 Bxh1 16. Rxh1 Ng6 17. f4 O-O-O 18. Ne4 Rd4 19. Re1 Re8 20.
Kf5 f6 21. c3 Rd5 22. c4 Rd4 23. exf6 Nh4+ 24. Kg4 Rdxe4 25. Rxe4 Rxe4 26. fxg7
Re8 27. Kxh4 Rg8 28. f5 Rxg7 29. Kh5 Kd7 30. Kh6 Rg2 31. Kxh7 Ke7 32. h4 Kf7
33. h5 c5 34. h6 Rg5 35. f6 Rh5 36. a3 a6 37. b4 b6 38. b5 axb5 39. cxb5 c4 40.
a4 c3 41. a5 c2 42. a6 c1=Q 43. a7 Rxh6# {Normal} 0-1

[Event "Rated Blitz game"]
[Site "?"]
[Date "2021.10.26"]
[Round "?"]
[White "seriouxblack"]
[Black "Anecdot"]
[Result "1-0"]
[WhiteElo "2486"]
[BlackElo "2312"]
[PlyCount "33"]
[EventDate "2021.??.??"]
[EventType "blitz"]

1. e4 e5 2. Nf3 d5 3. exd5 e4 4. Ne5 Qxd5 5. d4 exd3 6. Nxd3 Nc6 7. Nc3 Qd6 8.
Bf4 Qg6 9. Bxc7 Bf5 10. Nf4 Qf6 11. Bd3 Bxd3 12. Qxd3 Ne5 13. Qb5+ Nc6 14.
O-O-O Nge7 15. Ncd5 Nxd5 16. Nxd5 Qg5+ 17. Bf4 {Normal} 1-0

[Event "Rated Blitz tournament qaFyQURW"]
[Site "?"]
[Date "2021.10.26"]
[Round "?"]
[White "melmania"]
[Black "om_gendut"]
[Result "0-1"]
[WhiteElo "2266"]
[BlackElo "2417"]
[PlyCount "112"]
[EventDate "2021.??.??"]
[EventType "blitz"]

1. e4 e5 2. Nf3 d5 3. d3 dxe4 4. dxe4 Qxd1+ 5. Kxd1 Bg4 6. c3 Bc5 7. Be3 Bxe3
8. fxe3 Nf6 9. Nbd2 Nc6 10. Kc2 O-O-O 11. Bc4 Bh5 12. Bb5 Rhe8 13. Bxc6 bxc6
14. Nc4 Nxe4 15. Ncxe5 f6 16. Nxc6 Rd7 17. Rad1 Rxd1 18. Rxd1 Kb7 19. Na5+ Ka6
20. Nb3 Bg6 21. Kc1 Nf2 22. Rd7 Rxe3 23. Rxc7 Re2 24. Nbd2 Nd3+ 25. Kd1 Rxg2
26. b4 Kb6 27. Rxg7 Nf2+ 28. Ke1 Nd3+ 29. Kf1 Rf2+ 30. Kg1 Re2 31. a4 Nf4 32.
Nc4+ Kc6 33. Nd4+ Kd5 34. Nxe2 Nxe2+ 35. Kf2 Nxc3 36. Ne3+ Kd4 37. Ng4 Ne4+ 38.
Ke1 f5 39. Nf2 Nc3 40. a5 a6 41. Ra7 Kc4 42. Rxa6 Kxb4 43. Ra8 Nb5 44. a6 Ka5
45. a7 Ka6 46. Nd3 Nxa7 47. Nc5+ Kb6 48. Nd7+ Kb7 49. Rg8 Nb5 50. Nf8 Bh5 51.
Nxh7 Kc6 52. Rf8 Bg4 53. Nf6 Bh3 54. Nh5 Nd4 55. Ng3 Nf3+ 56. Kf2 Nd4 {Time
forfeit} 0-1

[Event "Rated Blitz game"]
[Site "?"]
[Date "2021.10.26"]
[Round "?"]
[White "zemerov"]
[Black "barry-allen"]
[Result "1-0"]
[WhiteElo "2404"]
[BlackElo "2273"]
[PlyCount "87"]
[EventDate "2021.??.??"]
[EventType "blitz"]

1. e4 e5 2. Nf3 d5 3. exd5 e4 4. Qe2 Nf6 5. d3 Qxd5 6. Nbd2 Nc6 7. dxe4 Qe6 8.
Qc4 Qg4 9. h3 Qg6 10. e5 Be6 11. Qb5 Nd7 12. Bd3 Qxg2 13. Rg1 Qxh3 14. Qxb7 Nb6
15. Qxc6+ Bd7 16. Qe4 Be7 17. b3 Rd8 18. Bb2 c5 19. O-O-O Rc8 20. Rxg7 Bc6 21.
Qg4 Qh6 22. Rg8+ Rxg8 23. Qxg8+ Bf8 24. Qxh7 Bxf3 25. Rg1 Qxh7 26. Bxh7 Bh6 27.
Rg8+ Kd7 28. Bf5+ Kc7 29. Bxc8 Nxc8 30. Rh8 Bf4 31. Rh7 Bxd2+ 32. Kxd2 Bd5 33.
c4 Be6 34. f4 Ne7 35. Ba3 Kc6 36. Rh8 Nf5 37. Ra8 Kb6 38. Rb8+ Kc7 39. Rf8 Kc6
40. Re8 Nd4 41. Kc3 Ne2+ 42. Kd3 Nxf4+ 43. Ke4 Ng6 44. Ra8 {Time forfeit} 1-0

[Event "Rated Blitz game"]
[Site "?"]
[Date "2021.10.26"]
[Round "?"]
[White "DennySilalahi"]
[Black "sillierchess"]
[Result "0-1"]
[WhiteElo "2383"]
[BlackElo "2508"]
[PlyCount "66"]
[EventDate "2021.??.??"]
[EventType "blitz"]

1. e4 e5 2. Nf3 d5 3. exd5 Bd6 4. c4 e4 5. Nd4 f5 6. Nb5 Nf6 7. Nxd6+ Qxd6 8.
Nc3 O-O 9. Be2 a6 10. d4 f4 11. c5 Qd8 12. Bxf4 Nxd5 13. Nxd5 Qxd5 14. Be3 Kh8
15. O-O Nc6 16. a3 Be6 17. Rc1 Rad8 18. Bc4 Qf5 19. Bxe6 Qxe6 20. Qa4 Rf6 21.
Rfd1 Rg6 22. g3 Qh3 23. Qc4 Ne7 24. Qf1 Qg4 25. h3 Qe6 26. Kh2 Rd5 27. Qe2 Rf6
28. Rg1 Rf3 29. Kg2 Rh5 30. Rh1 Nd5 31. Bd2 Rhf5 32. Rcf1 Rf6 33. Kg1 e3 {
Normal} 0-1

[Event "Rated Blitz game"]
[Site "?"]
[Date "2021.10.26"]
[Round "?"]
[White "Leon_Blanco"]
[Black "Annali-annaliew1979"]
[Result "0-1"]
[WhiteElo "2411"]
[BlackElo "2435"]
[PlyCount "44"]
[EventDate "2021.??.??"]
[EventType "blitz"]

1. e4 e5 2. Nf3 d5 3. Nxe5 Qe7 4. d4 f6 5. Qh5+ g6 6. Nxg6 Qxe4+ 7. Be2 Qxg6 8.
Qxd5 Ne7 9. Qb3 Nbc6 10. d5 Ne5 11. O-O Nf5 12. f4 Nf7 13. Bb5+ Kd8 14. Nc3
N7d6 15. Bd3 a6 16. Ne4 Nxe4 17. Bxe4 Bd6 18. c4 Re8 19. Qc2 b6 20. Kh1 Rxe4
21. Bd2 Re8 22. b4 Ng3+ {Normal} 0-1

[Event "Rated Blitz game"]
[Site "?"]
[Date "2021.10.26"]
[Round "?"]
[White "VicenteMar"]
[Black "artsportscience"]
[Result "1-0"]
[WhiteElo "2432"]
[BlackElo "2380"]
[PlyCount "77"]
[EventDate "2021.??.??"]
[EventType "blitz"]

1. e4 e5 2. Nf3 d5 3. Nxe5 Bd6 4. d4 dxe4 5. Nc4 Nf6 6. Nxd6+ Qxd6 7. Be2 O-O
8. Bg5 c6 9. Bh4 Bf5 10. c3 Nbd7 11. Nd2 Nb6 12. a4 Rfe8 13. a5 Nbd5 14. Nc4
Qd7 15. O-O Qc8 16. Qd2 Bg6 17. Qg5 h6 18. Qg3 Qf5 19. Ne3 Nxe3 20. fxe3 Qe6
21. Bxf6 gxf6 22. Qh4 Kg7 23. Rf4 f5 24. Raf1 Qf6 25. Qh3 Rg8 26. Kh1 Qg5 27.
g4 fxg4 28. Rxg4 Qd5 29. c4 Qe6 30. Qh4 Kh7 31. Rf6 Qe7 32. Rgf4 Rg7 33. c5
Rag8 34. h3 Bh5 35. Bg4 Bxg4 36. hxg4 Rg6 37. Rxf7+ Qxf7 38. Rxf7+ Kh8 39. Rf4
{Normal} 1-0